| 000 | 00404nam a2200121Ia 4500 | ||
|---|---|---|---|
| 008 | 220216s9999 xx 000 0 und d | ||
| 100 | _aRenavikar P G | ||
| 245 | 0 | _aAuto manufacturers view point on rubber parts | |
| 260 |
_bProceedings of the International Conference on Rubbers, Calcutta, December 12-14, 1997, Vol. III, pp. 19-24. _c1997 |
||
| 700 | _aKarmakar A V | ||
| 700 | _aMali R R | ||
| 942 | _cJS | ||
| 999 |
_c54602 _d54602 |
||